5HLuxD.jpg

KING HENRY VIII SENIOR AND PRIMARY SCHOOL LIBRARY OPAC

Stone age science : (Record no. 1383)

000 -LEADER
fixed length control field 02143cam a2200385 i 4500
001 - CONTROL NUMBER
control field 18631057
003 - CONTROL NUMBER IDENTIFIER
control field OSt
005 - DATE AND TIME OF LATEST TRANSACTION
control field 20221229090012.0
008 - FIXED-LENGTH DATA ELEMENTS--GENERAL INFORMATION
fixed length control field 150522s2016 onca j b 001 0 eng c
010 ## - LIBRARY OF CONGRESS CONTROL NUMBER
LC control number 2015019248
020 ## - INTERNATIONAL STANDARD BOOK NUMBER
International Standard Book Number 9780778719113 (pbk.)
040 ## - CATALOGING SOURCE
Original cataloging agency NJQ/DLC
Language of cataloging eng
Transcribing agency NJQ
Description conventions rda
Modifying agency DLC
-- KH8
042 ## - AUTHENTICATION CODE
Authentication code pcc
082 04 - DEWEY DECIMAL CLASSIFICATION NUMBER
Classification number 624.1 LAW
Edition number 23
100 1# - MAIN ENTRY--PERSONAL NAME
Personal name Law, Felicia,
Relator term author.
245 10 - TITLE STATEMENT
Title Stone age science :
Remainder of title buildings and structures /
Statement of responsibility, etc. Felicia Law & Gerry Bailey ; illustrated by Mike Phillips.
264 #1 - PRODUCTION, PUBLICATION, DISTRIBUTION, MANUFACTURE, AND COPYRIGHT NOTICE
Place of production, publication, distribution, manufacture St. Catharines, Ontario ;
-- New York, New York :
Name of producer, publisher, distributor, manufacturer Crabtree Publishing,
Date of production, publication, distribution, manufacture, or copyright notice 2016.
300 ## - PHYSICAL DESCRIPTION
Extent 32 pages :
Other physical details color illustrations ;
Dimensions 27 cm.
336 ## - CONTENT TYPE
Content type term text
Source rdacontent
337 ## - MEDIA TYPE
Media type term unmediated
Source rdamedia
338 ## - CARRIER TYPE
Carrier type term volume
Source rdacarrier
490 0# - SERIES STATEMENT
Series statement Stone age science
500 ## - GENERAL NOTE
General note "Inventions that changed the world-- and the scinece behind them."
504 ## - BIBLIOGRAPHY, ETC. NOTE
Bibliography, etc. note Includes bibliographical references (page 32) and index.
505 0# - FORMATTED CONTENTS NOTE
Formatted contents note Meet Leo -- The road -- Foundations and surfaces -- Build a Roman road -- The ramp -- Raising loads -- Measure the force -- The bridge -- Stress and strain -- Bridges -- The arch -- Forces and loads -- Fitting the keystone -- Frank Lloyd Wright -- Architecture -- Building walls -- Stress -- Homes on stilts -- Balance point -- The skyscraper -- Framework -- Make a skyscraper.
520 ## - SUMMARY, ETC.
Summary, etc. "Leo teaches his cat Pallas all about buildings and structures by applying his knowledge of science to their stone age world. Engaging illustrations and stories provide a fun introduction to science concepts, including ramps, forces and loads, tension, and more. Information boxes accompany each story to explore real applications of buildings and structures in the natural and designed world."--
Assigning source Provided by publisher.
521 1# - TARGET AUDIENCE NOTE
Target audience note Ages 8-11.
521 2# - TARGET AUDIENCE NOTE
Target audience note Grades 4 to 6.
650 #0 - SUBJECT ADDED ENTRY--TOPICAL TERM
Topical term or geographic name entry element Structural engineering
Form subdivision Juvenile literature.
700 1# - ADDED ENTRY--PERSONAL NAME
Personal name Bailey, Gerry,
Dates associated with a name 1945-
Relator term author.
700 1# - ADDED ENTRY--PERSONAL NAME
Personal name Phillips, Mike,
Dates associated with a name 1961-
Relator term illustrator.
906 ## - LOCAL DATA ELEMENT F, LDF (RLIN)
a 7
b cbc
c orignew
d 1
e ecip
f 20
g y-gencatlg
942 ## - ADDED ENTRY ELEMENTS (KOHA)
Source of classification or shelving scheme
Koha item type Books - Non Ficton
Holdings
Withdrawn status Lost status Source of classification or shelving scheme Damaged status Not for loan Collection code Permanent Location Current Location Shelving location Date acquired Cost, normal purchase price Total Checkouts Full call number Barcode Date last seen Date last checked out Cost, replacement price Price effective from Koha item type
          Non-Fiction KH8 Primary School Library KH8 Primary School Library Non Fiction 2022-12-29 38.79 2 624.1 LAW KHPL000003160 2026-02-24 2023-02-22 48.79 2022-12-29 Books - Non Ficton

Powered By KH8 IT Dept